Neue keynesianische Makroökonomie

Salvato in:
Dettagli Bibliografici
Autore principale: Illing, Gerhard
Natura: Libro
Lingua:tedesco
Pubblicazione: Tübingen Mohr 1992
Edizione:1. Aufl.
Serie:Schriften zur angewandten Wirtschaftsforschung 56
Soggetti:
Tags: Aggiungi Tag
Nessun Tag, puoi essere il primo ad aggiungerne!!

MARC

LEADER 00000nam a2200000 4500
001 c010368
005 20221206083413.6
020 |a 3-16-145909-1 
041 0 |a ger 
044 |a DE 
245 1 0 |a Neue keynesianische Makroökonomie  |c Gerhard Illing 
250 |a 1. Aufl. 
264 1 |a Tübingen  |b Mohr  |c 1992 
300 |a 213 s. 
490 1 |a Schriften zur angewandten Wirtschaftsforschung  |v 56 
830 0 |a Schriften zur angewandten Wirtschaftsforschung  |v 56 
610 2 0 |a makroekonomika 
610 2 0 |a keynesizmus 
610 2 0 |a modely 
610 2 0 |a konkurencia 
610 2 0 |a rovnováha hospodárska 
100 1 |a Illing, Gerhard